Straight Up Trivia #18: Best Selling Video Game Consoles - Statistics

General Stats
  • This quiz has been taken 16 times
  • The average score is 4 of 10
Answer Stats
Hint Answer % Correct
Nintendo DS, 154 million. What was the name of the main protagonist of Donkey Kong, who eventually became known as Mario? The name is based on his most important action. Jumpman
93%
PlayStation 4, 117 million. What body part is the new Defense Against the Dark Arts professor in the fourth Harry Potter book, Goblet of Fire, known for? Eye
79%
Game Boy/Game Boy Color, 119 million. In the initial version of the Game Boy, released in Japan, the included game was Super Mario Land. What game, which was not created by Nintendo, was included with Game Boys released in all other regions? Tetris
71%
Xbox 360, 84 million. Only two country names in English contain the letter X: Mexico, and what much smaller country? Luxembourg
50%
PlayStation 3, 87 million. The PlayStation 3 was the first video game console to use what digital storage format, which used a new color of laser that allowed for greater information density? Blu-ray
36%
Nintendo Switch, 151 million. What is the term for switching the initial sounds or letters of two or more words, usually to humorous effect, such as "runny babbit"? It is named for an early 20th century warden at Oxford University. Spoonerism
36%
Wii, 102 million. What four letter word containing one w and two i's means quick in Hawaiian? Wiki
21%
Game Boy Advance, 82 million. Whose memoir, "The Woman in Me", had one of the largest advances of any single book, about $15 million? Britney Spears
14%
PlayStation 2, 160+ million. What play, consisting of two parts generally staged separately, has the subtitle "A Gay Fantasia on National Themes"? Angels in America
7%
PlayStation, 102 million. What is the call sign for the radio station 107.1 out of Washington, Missouri, that plays adult contemporary music, not hip hop? The call sign fills in its one time motto, "Our signal is ____. Our studios are ____. Even our staff is ____." KRAP
0%
No matching quizzes found
Score Distribution
Percent of People with Each Score
Percentile by Number Answered
Your Score History
You have not taken this quiz